Počítač - pokladnice v službách: Maloobchod a hotely. 2

Využitie a nasadenie elektronických registračných pokladníc (ERP) v hoteloch a stravovacích zariadeniach. Informačno-riadiaci systém hotela - programové vybavenie. Programové celky systému a ich charakteristika: Skladové hospodárstvo. Gastronomická výroba. Odbyt. Recepcia. Zmenáreň. Technické prostr...

Ausführliche Beschreibung

Gespeichert in:
Bibliographische Detailangaben
1. Verfasser: Marček, Dušan
Format: Buchkapitel
Sprache:Slowakisch
Schlagworte:
Tags: Tag hinzufügen
Keine Tags, Fügen Sie das erste Tag hinzu!

MARC

LEADER 00000naa a2200000 4500
001 r026302
005 20230919070816.2
041 0 |a slo 
044 |a SK 
245 1 0 |a Počítač - pokladnice v službách: Maloobchod a hotely. 2  |c Dušan Marček 
520 |a Využitie a nasadenie elektronických registračných pokladníc (ERP) v hoteloch a stravovacích zariadeniach. Informačno-riadiaci systém hotela - programové vybavenie. Programové celky systému a ich charakteristika: Skladové hospodárstvo. Gastronomická výroba. Odbyt. Recepcia. Zmenáreň. Technické prostriedky. Architektúra pokladničnej siete. 
610 2 0 |a hotely 
610 2 0 |a zariadenia stravovacie 
610 2 0 |a systémy informačné riadiace 
610 2 0 |a hospodárstvo skladové 
610 2 0 |a odbyt 
610 2 0 |a pokladnice kontrolné 
610 2 0 |a využitie počítačov 
610 2 0 |a automatizácia riadenia 
100 1 |a Marček, Dušan